Statistics for LARGE WWII Quiz

Click here to take the quiz!

General Stats

  • This quiz has been taken 402 times
    (227 since last reset)
  • The average score is 26 of 36

Answer Stats

ClueAnswer% Correct
Country invaded in 1939.Poland
99%
Fuhrer of GermanyAdolf Hitler
94%
Soviet DictatorJoseph Stalin
94%
Asian Axis countryJapan
93%
Two countries Germany annexed before the warAustria
92%
British PM for most of the warWinston Churchill
92%
Duce of ItalyBenito Mussolini
91%
American President for most of the warFranklin D. Roosevelt
90%
Axis Mediterranean CountryItaly
90%
German lightning attackBlitzkrieg
87%
Emperor of JapanHirohito
87%
Famous Dutch jew who write a diaryAnne Frank
86%
Successor to answer aboveHarry Truman
86%
How long did the war in Europe last? 6 Years
85%
Nazi Symbol Swastika
85%
^Czechoslovakia
83%
Russian city that was sieged by Germans and FinnishLeningrad
83%
British PM before the warNeville Chamberlain
81%
Sumpreme Allied CommanderDwight Eisenhower
78%
The 'desert fox'Erwin Rommel
77%
Bomb dropped on HiroshimaLittle Boy
76%
German/French puppet stateVichy France
76%
Balkan country Italy invaded before the warAlbania
70%
Bomb dropped on NagasakiFat Man
70%
D-Day operation nameOperation Overlord
70%
Name of decisive sea battleMidway
68%
Bloodiest beach on the Normandy PeninsulaOmaha
68%
Two slavic countries invaded in 1941Yugoslavia
64%
This future US President saved a crew member by carrying him four milesJohn F Kennedy
63%
^Greece
55%
This land was succeeded to Germany after the Munich Conference Sudetenland
47%
Battle in North Africa 'Siege of ___'Tobruk
35%
Two Japanese submarines made it into this Australian harbourSydney
33%
Soviet SymbolSickle and Hammer
17%
Nazi scout equivalentHitler Youth
12%
Australian Prime Minister who visited Nazi GermanyRobert Menzies
6%

Score Distribution

Percentile by Number Answered

Percent of People with Each Score

Your Score History

You have not taken this quiz since the last reset